Un uomo da marciapiede /

Đã lưu trong:
Chi tiết về thư mục
Tác giả khác: White, Ruth (Diễn viên), Hoffman, Dustin (Diễn viên), Voight, Jon (Diễn viên), Schlesinger, John (Giám đốc), Salt, Waldo (Người viết kịch bản), Vaccaro, Brenda (Diễn viên), McGiver, John (Diễn viên), Hughes, Barnard (Diễn viên), Miles, Sylvia (Diễn viên)
Định dạng: Slide
Ngôn ngữ:Tiếng Italy
Được phát hành: [Roma] : L'Unità, [1996?]
Loạt:Americana ; 34
Những chủ đề:
Các nhãn: Thêm thẻ
Không có thẻ, Là người đầu tiên thẻ bản ghi này!

MARC

LEADER 00000ngm a22000007i 4500
001 IT\ICCU\RAV\0278919
003 ItRI
005 20260124182851.0
008 960912s1996 it |||||||||||||||k|||||c
040 |b ita 
041 7 |a ita  |2 ISO-639-2 
082 |a 791.43616D  |9 CINEMA. TIPI DI FILM. FILM DRAMMATICI  |2 20 
130 0 |a Midnight cowboy <film ; 1969>  |3 IT\ICCU\RAV\0765633 
245 0 3 |a Un uomo da marciapiede /  |c regia di John Schlesinger ; sceneggiatura di Waldo Salt ; tratto dal libro di James Leo Herlihy. 
260 |a [Roma] :  |b L'Unità,  |c [1996?] 
300 |a 1 videocassetta (VHS) (ca. 109 min.) :  |b color., b/n, sonoro 
500 |a Titolo del contenitore 
500 |a Interpreti: Dustin Hoffman, Jon Voight, Brenda Vaccaro, John McGiver, Ruth White, Sylvia Miles, Barnhard Hughes 
500 |a Produzione cinematografica: USA, 1969 
500 |a Copyright 1996 MGM home entertainment; pubblicato su autorizzazione Warner home video 
500 |a Supplemento a L'Unità 
500 |a Vietato ai minori di 18 anni. 
650 7 |a Film 
700 1 |a White, Ruth  |0 IT\ICCU\LO1V\138182  |4 act 
700 1 |a Hoffman, Dustin  |0 IT\ICCU\MILV\099950  |4 act 
700 1 |a Voight, Jon  |0 IT\ICCU\RAVV\088456  |4 act 
700 1 |a Schlesinger, John  |0 IT\ICCU\RAVV\089241  |4 drt 
700 1 |a Salt, Waldo  |0 IT\ICCU\RAVV\089242  |4 sce 
700 1 |a Vaccaro, Brenda  |0 IT\ICCU\RAVV\089243  |4 act 
700 1 |a McGiver, John  |0 IT\ICCU\RAVV\089244  |4 act 
700 1 |a Hughes, Barnard  |0 IT\ICCU\RAVV\303747  |4 act 
700 1 |a Herlihy, James Leo  |0 IT\ICCU\SBLV\026288  |4 ant 
700 1 |a Miles, Sylvia  |0 IT\ICCU\UBOV\696113  |4 act 
790 1 |a Voight, John  |3 IT\ICCU\SBNV\021350  |z Voight, Jon 
790 1 |a Voight, Jonathan  |3 IT\ICCU\SBNV\021351  |z Voight, Jon 
830 0 |a Americana ;  |v 34  |0 IT\ICCU\RAV\0278880 
942 |2 ddc  |c VM  |n 0 
952 |0 0  |1 0  |4 0  |6 VO_885_000000000000000  |7 0  |9 27265  |a BO  |b BO  |d 2026-01-24  |i 7847  |l 0  |o VO 885  |p BO7847  |r 2026-01-24 18:28:51  |w 2026-01-24  |x [Sebina 5] [1 videocassetta]  |y VM  |z 1 videocassetta 
999 |c 23082  |d 23082